000 00929pam a2200265 i 4500
008 MAIN|c(27440)
020 _a039100591X(pbk.)
090 _aHD51 .G67913 1976
100 1 _aGorz, Andre`.
245 1 4 _aThe division of labour :
_bthe labour process and class-struggle in modern capitalism /
_cedited by Andr?e Gorz.
260 _aAtlantic Highlands, N.J. :
_bHumanities Press,
_c1976.
300 _axiv, 189 p. ;
_c23 cm.
490 1 _aMarxist theory and contemporary capitalism.
500 _aTranslation of Critique de la division du travail.
504 _aIncludes bibliographical references.
650 0 _aDivision of labor.
650 0 _aIndustrial sociology.
830 0 _aMarxist theory and contemporary capitalism.
907 _a.b10202523
_b11-05-06
_c11-05-06
003
005 20230123134214.0
040 _cNUST
049 _aMAIN
942 _cBOOKS
_kHD51 .G67913 1976
999 _c161857
_d161857